000 00521nam a2200157 i 4500
001 99469
003 ES-MaACL
005 20230906182513.0
007 t|
008 050912s1917 sp ||||1| spa d
100 1 _aMartínez, Eduardo M.
_977733
245 1 0 _aContribución al estudio biopsíquico del delincuente /
_cDr. Eduardo M. Martínez.
260 _aSevilla :
_b[s.n.],
_c1917.
500 _aPrecede al tít.: Sobre la creación de los Laboratorios de Antropología Penitenciaria.
852 _aES-MaACL
_j1574-F-27
999 _c99469
_d99469